जिवलग भेटी (Record no. 471659)

MARC details
000 -LEADER
fixed length control field 00451nam a2200145Ia 4500
008 - FIXED-LENGTH DATA ELEMENTS--GENERAL INFORMATION
fixed length control field 100204s9999 xx 000 0 und d
082 ## - DEWEY DECIMAL CLASSIFICATION NUMBER
Item number 26478
100 ## - MAIN ENTRY--PERSONAL NAME
Personal name पोटे सतेज
245 ## - TITLE STATEMENT
Title जिवलग भेटी
260 ## - PUBLICATION, DISTRIBUTION, ETC. (IMPRINT)
Name of publisher, distributor, etc "मॅजेस्टिक प्रकाशन , मुंबई"
Date of publication, distribution, etc 2004
300 ## - PHYSICAL DESCRIPTION
Extent 108
630 ## - SUBJECT ADDED ENTRY--UNIFORM TITLE
Uniform title जिवलग भेटी
730 ## - ADDED ENTRY--UNIFORM TITLE
Uniform title जिवलग भेटी
942 ## - ADDED ENTRY ELEMENTS (KOHA)
Koha item type Book
Holdings
Withdrawn status Lost status Damaged status Not for loan Home library Current library Date acquired Cost, normal purchase price Total Checkouts Full call number Barcode Date last seen Cost, replacement price Price effective from Koha item type
        N. C. Kelkar Sarvajanik Library, Mulund N. C. Kelkar Sarvajanik Library, Mulund 04/01/2005 100.00   26478 NCKMULUND-26478 02/04/2010 100.00 02/04/2010 Book